书目信息 |
| 题名: |
环境污染与食品安全
|
|
| 作者: | 张乃明 主编 | |
| 分册: | ||
| 出版信息: | 北京 化学工业出版社 2007.30 |
|
| 页数: | ||
| 开本: | 16开 | |
| 丛书名: | ||
| 单 册: | ||
| 中图分类: | X56 | |
| 科图分类: | ||
| 主题词: | 食物污染 , 食物污染--污染防治 | |
| 电子资源: | ||
| ISBN: | 978-7-5025-9972-0 | |
| 000 | 00571nam0 2200193 450 | |
| 001 | 0736196517 | |
| 005 | 20070924100316.51 | |
| 010 | @a978-7-5025-9972-0@d¥29.80 | |
| 100 | @a20070924d km y0chiy0120 ea | |
| 101 | 0 | @achi |
| 200 | 1 | @a环境污染与食品安全@Ahuan jing wu ran yu shi pin an quan@f张乃明 主编@Fzhang nai ming zhu bian |
| 210 | @a北京@c化学工业出版社@d2007.30 | |
| 215 | @d16开 | |
| 606 | 0 | @a食物污染 |
| 606 | 0 | @a食物污染@x污染防治 |
| 690 | @aX56@v3 | |
| 701 | 0 | @a张乃明@Azhang nai ming@4主编 |
| 801 | 0 | @aCN@bPFT@c20070924 |
| 905 | @a213230@dX56@eZY77@f1 | |
| 环境污染与食品安全/张乃明 主编.-北京:化学工业出版社,2007.30 |
| 16开 |
| ISBN 978-7-5025-9972-0:¥29.80 |
| ● |
| 相关链接 |
|
|
|
|
正题名:环境污染与食品安全
索取号:X56/ZY77
 
预约/预借
| 序号 | 登录号 | 条形码 | 馆藏地/架位号 | 状态 | 备注 |
| 1 | 7901743 | 279017430 | 密集书库-资源管理系/ [索取号:X56/ZY77] | 在馆 |